Jinnah (Record no. 322490)

MARC details
000 -LEADER
fixed length control field 00422nam a2200157Ia 4500
008 - FIXED-LENGTH DATA ELEMENTS--GENERAL INFORMATION
fixed length control field 230718s9999 xx 000 0 und d
041 ## - LANGUAGE CODE
Language code of text/sound track or separate title eng
082 ## - DEWEY DECIMAL CLASSIFICATION NUMBER
Classification number 954.03'59
Item number SIN
100 ## - MAIN ENTRY--PERSONAL NAME
Personal name Singh J.
9 (RLIN) 116383
245 ## - TITLE STATEMENT
Title Jinnah
Remainder of title India-Partition-Independence
260 ## - PUBLICATION, DISTRIBUTION, ETC. (IMPRINT)
Date of publication, distribution, etc. 2009
Name of publisher, distributor, etc. Rupa.Co
300 ## - PHYSICAL DESCRIPTION
Extent 669
365 ## - TRADE PRICE
Currency code Rs.
Price amount 695.00
700 ## - ADDED ENTRY--PERSONAL NAME
Personal name Singh J.
9 (RLIN) 116383
906 ## - LOCAL DATA ELEMENT F, LDF (RLIN)
d O:0026615-Sep-2009B:143707-Sep-2009
c GENRL
b 139
Holdings
Withdrawn status Lost status Source of classification or shelving scheme Damaged status Not for loan Home library Current library Date acquired Vendor Budget Code Cost, normal purchase price Bill number Total Checkouts Full call number Barcode Date last seen Date last checked out Discount Cost, replacement price Bill Date Koha item type Original Barcode
    Dewey Decimal Classification     Cummins College of Engineering for Women Pune Cummins College of Engineering for Women Pune 15/09/2009 Tbs GENRL 556.00 1437 2 954.03'59 CCEP-BK-33697 03/07/2025 05/06/2025 139 695.00 07/09/2009 Books 033697